Základy harmónie a polyfónie : (učebné texty pre študentov študujúcich hudobnú výchovu odbor Učiteľstvo všeobecnovzdelávacích predmetov) /

Uložené v:
Podrobná bibliografia
Hlavný autor: Lipták, Teodor (Author)
Médium: Kniha
Jazyk:Slovak
Vydané: Košice : Rektorát Univerzity Pavla Jozefa Šafárika, 1991
Vydanie:2. preprac. vyd.
ISBN: 8070971029 (brož.)
Fyzický popis: 369 s.
Tagy: Pridať tag
Žiadne tagy, Buďte prvý kto otaguje tento záznam!

MARC

LEADER 00000nam a2200000 a 4500
001 000215321
005 20060727172954.0
008 060420s1991 xo e 000 0 sloo
020 |a 8070971029 (brož.) 
040 |a SVKKK  |b slo  |c SVKKK  |e AACR2 
041 0 |a slo 
044 |a xo  |c SK 
100 1 |a Lipták, Teodor  |4 aut 
245 1 0 |a Základy harmónie a polyfónie :  |b (učebné texty pre študentov študujúcich hudobnú výchovu odbor Učiteľstvo všeobecnovzdelávacích predmetov) /  |c Teodor Lipták 
250 |a 2. preprac. vyd. 
260 |a Košice :  |b Rektorát Univerzity Pavla Jozefa Šafárika,  |c 1991 
300 |a 369 s. 
910 |a svkkk 
919 |a 80-7097-102-9 
998 |a BK 
090 |g SCKHL  |k Sklad Pribinova 3. posch.  |a V.177076  |j 831333  |i 2720212037  |s Absenčne 
090 |g SCKHL  |k Sklad Pribinova 3. posch.  |a V.177077  |j 831334  |i 2720075530  |s Absenčne 
090 |g SCKHL  |k Sklad Pribinova 3. posch.  |a V.177078  |j 831335  |i 2720273006  |4 Multiplikát  |s Vyradená 
090 |g SCKHL  |k Sklad Pribinova 3. posch.  |a V.177079  |j 831336  |i B57608  |4 Multiplikát  |s Vyradená 
090 |g SCKHL  |k Sklad Pribinova 3. posch.  |a V.177080  |j 831337  |i B57609  |4 Multiplikát  |s Vyradená 
090 |g SCKHL  |k Sklad Pribinova 3. posch.  |a V.178102  |j 835334  |i 2720044945  |s Povinný výt.